Drug Dosages in Children (Record no. 1878)

MARC details
000 -LEADER
Fixed length control field 00610nam a2200229Ia 4500
003 - CONTROL NUMBER IDENTIFIER
Control field IIN
005 - DATE AND TIME OF LATEST TRANSACTION
Control field 20251201114317.0
008 - FIXED-LENGTH DATA ELEMENTS--GENERAL INFORMATION
Fixed length control field 250924s2024 xx 000 0 eng d
020 ## - INTERNATIONAL STANDARD BOOK NUMBER / ISBN
Price Rs.475.00
International Standard Book Number 9789354668777
040 ## - CATALOGING SOURCE
Original cataloging agency IIN
Language of cataloging English
082 ## - DEWEY DECIMAL CLASSIFICATION NUMBER
Classification number 615.1
Book Number SIN
100 1# - MAIN ENTRY--PERSONAL NAME
Personal name Singh, Meharban
245 1# - TITLE STATEMENT
Title Drug Dosages in Children
Statement of responsibility by Meharban Singh & Ashok K. Deorari
250 ## - EDITION STATEMENT
Edition statement 11th ed
260 ## - IMPRINT
Name of publisher CBS
Place of publication New Delhi
Date of publication 2024
300 ## - PHYSICAL DESCRIPTION
Page / Vol. No xx, 260p.
650 1# - SUBJECT ADDED ENTRY--TOPICAL TERM
Topical term Drug
Form subdivision in Children
650 1# - SUBJECT ADDED ENTRY--TOPICAL TERM
Topical term Medicine
Form subdivision for Children
650 1# - SUBJECT ADDED ENTRY--TOPICAL TERM
Topical term Pediatric
Form subdivision Drug
700 1# - ADDED ENTRY--PERSONAL NAME
Personal name Deorari, Ashok K.
942 ## - ADDED ENTRY ELEMENTS (KOHA)
Koha item type Reference Books
Holdings
Withdrawn status Lost status Source of classification Damaged status Use restrictions Not for loan Collection code Home library Current library Shelving location Date acquired Price Total Checkouts Call number Accession number Date last seen Price effective from Koha item type
    Dewey Decimal Classification   Restricted Access Not For Loan Purches Book IDEAL INSTITUTE OF NURSING IDEAL INSTITUTE OF NURSING Reference 18/03/2025 475.00   615.1 SIN 2138 24/09/2025 24/09/2025 Reference Books
© Ideal Institute Of Nursing, All rights reserved.         Powered by Koha